Animal Welfare in Animal Agriculture: (Record no. 9428)

MARC details
000 -LEADER
fixed length control field 00657nam a22001937a 4500
003 - CONTROL NUMBER IDENTIFIER
control field OSt
005 - DATE AND TIME OF LATEST TRANSACTION
control field 20240928142232.0
008 - FIXED-LENGTH DATA ELEMENTS--GENERAL INFORMATION
fixed length control field 240928b |||||||| |||| 00| 0 eng d
020 ## - INTERNATIONAL STANDARD BOOK NUMBER
International Standard Book Number 9781439648425
040 ## - CATALOGING SOURCE
Original cataloging agency DDC
Transcribing agency MUST
082 ## - DEWEY DECIMAL CLASSIFICATION NUMBER
Classification number 636 ANI 2011
100 ## - MAIN ENTRY--PERSONAL NAME
Personal name Edited by Wilson G. Pond ...( et al )
9 (RLIN) 19242
245 ## - TITLE STATEMENT
Title Animal Welfare in Animal Agriculture:
Remainder of title Husbandry, Stewardship and Sustainability in Animal Production.
Statement of responsibility, etc. Edited by Wilson G. Pond ...( et al )
260 ## - PUBLICATION, DISTRIBUTION, ETC. (IMPRINT)
Place of publication, distribution, etc. New York:
Name of publisher, distributor, etc. CRC PRESS Taylor & Francis Group,
Date of publication, distribution, etc. 2011.
300 ## - PHYSICAL DESCRIPTION
Extent ix,140p.:
Dimensions 28cm.
504 ## - BIBLIOGRAPHY, ETC. NOTE
Bibliography, etc Includes References
650 ## - SUBJECT ADDED ENTRY--TOPICAL TERM
Topical term or geographic name as entry element Agriculture
9 (RLIN) 4591
942 ## - ADDED ENTRY ELEMENTS (KOHA)
Source of classification or shelving scheme Dewey Decimal Classification
Koha item type Open Shelf
Holdings
Withdrawn status Lost status Source of classification or shelving scheme Damaged status Not for loan Home library Current library Source of acquisition Inventory number Total Checkouts Full call number Barcode Date last seen Koha item type
    Dewey Decimal Classification     MUST Main Library MUST Main Library PURCHASE 24/42327   636 ANI 2011 2024-22465 28/09/2024 Open Shelf